<?xml version="1.0" encoding="UTF-8"?><marc:collection xmlns:marc="http://www.loc.gov/MARC21/slim">
  <marc:record>
    <marc:leader>00000nam  2200000za 4500</marc:leader>
    <marc:controlfield tag="001">9.832991</marc:controlfield>
    <marc:controlfield tag="003">CaOODSP</marc:controlfield>
    <marc:controlfield tag="005">20231204082254</marc:controlfield>
    <marc:controlfield tag="007">cr |||||||||||</marc:controlfield>
    <marc:controlfield tag="008">170306s2016    quca    o    f000 0 fre d</marc:controlfield>
    <marc:datafield tag="040" ind1=" " ind2=" ">
      <marc:subfield code="a">CaOODSP</marc:subfield>
      <marc:subfield code="b">fre</marc:subfield>
    </marc:datafield>
    <marc:datafield tag="043" ind1=" " ind2=" ">
      <marc:subfield code="a">n-cn---</marc:subfield>
    </marc:datafield>
    <marc:datafield tag="086" ind1="1" ind2=" ">
      <marc:subfield code="a">CC143-10/2016F-PDF</marc:subfield>
    </marc:datafield>
    <marc:datafield tag="245" ind1="0" ind2="0">
      <marc:subfield code="a">Soutien du Canada à la recherche et au développement </marc:subfield>
      <marc:subfield code="h">[ressource électronique] : </marc:subfield>
      <marc:subfield code="b">suggestions pour améliorer le rendement du capital investi (RCI)</marc:subfield>
    </marc:datafield>
    <marc:datafield tag="260" ind1=" " ind2=" ">
      <marc:subfield code="a">[Montréal] : </marc:subfield>
      <marc:subfield code="b">Banque de développement du Canada, </marc:subfield>
      <marc:subfield code="c">[2016]</marc:subfield>
    </marc:datafield>
    <marc:datafield tag="300" ind1=" " ind2=" ">
      <marc:subfield code="a">5 p. : </marc:subfield>
      <marc:subfield code="b">ill. en coul.</marc:subfield>
    </marc:datafield>
    <marc:datafield tag="500" ind1=" " ind2=" ">
      <marc:subfield code="a">Publ. aussi en anglais sous le titre : Canada’s support for research &amp; development: suggestions to improve the return on investment (ROI).</marc:subfield>
    </marc:datafield>
    <marc:datafield tag="500" ind1=" " ind2=" ">
      <marc:subfield code="a">Titre de la couv.</marc:subfield>
    </marc:datafield>
    <marc:datafield tag="520" ind1=" " ind2=" ">
      <marc:subfield code="a">« Les entrepreneurs apportent une contribution irremplaçable pour bâtir une nation innovatrice. Ils génèrent de l’activité économique, et leurs décisions sur la façon d’innover déterminent en grande partie la compétitivité mondiale du Canada. Fondamentalement, ils mettent sur le marché les nouveaux produits et services que les gens valorisent et qui procurent des avantages pour l’économie, la société et la santé. Pour améliorer le rendement de ses programmes et investissements en R-D, le Canada doit accroître la commercialisation de ses inventions. Comme les entrepreneurs sont au cœur de la commercialisation, ils doivent être soutenus dans leurs efforts. À cette fin, quelques changements s’imposent en ce qui concerne : le financement (la recherche appliquée doit être davantage encouragée et soutenue) ; l’objectif (passer d’investissements qui « poussent » les technologies à des investissements qui favorisent les innovations « tirées » par le marché) ; le soutien (aux entrepreneurs qui éprouvent des difficultés à commercialiser les fruits de leur R-D) »--p. 1.</marc:subfield>
    </marc:datafield>
    <marc:datafield tag="692" ind1="0" ind2="7">
      <marc:subfield code="2">gccst</marc:subfield>
      <marc:subfield code="a">Entrepreneur</marc:subfield>
    </marc:datafield>
    <marc:datafield tag="692" ind1="0" ind2="7">
      <marc:subfield code="2">gccst</marc:subfield>
      <marc:subfield code="a">Recherche et développement</marc:subfield>
    </marc:datafield>
    <marc:datafield tag="692" ind1="0" ind2="7">
      <marc:subfield code="2">gccst</marc:subfield>
      <marc:subfield code="a">Programme fédéral</marc:subfield>
    </marc:datafield>
    <marc:datafield tag="692" ind1="0" ind2="7">
      <marc:subfield code="2">gccst</marc:subfield>
      <marc:subfield code="a">Financement public</marc:subfield>
    </marc:datafield>
    <marc:datafield tag="710" ind1="2" ind2=" ">
      <marc:subfield code="a">Banque de développement du Canada.</marc:subfield>
    </marc:datafield>
    <marc:datafield tag="775" ind1="0" ind2="8">
      <marc:subfield code="t">Canada’s support for research &amp; development </marc:subfield>
      <marc:subfield code="w">(CaOODSP)9.832989</marc:subfield>
    </marc:datafield>
    <marc:datafield tag="856" ind1="4" ind2="0">
      <marc:subfield code="q">PDF</marc:subfield>
      <marc:subfield code="s">279 Ko</marc:subfield>
      <marc:subfield code="u">https://publications.gc.ca/collections/collection_2017/bdc/CC143-10-2016-fra.pdf</marc:subfield>
    </marc:datafield>
  </marc:record>
</marc:collection>
